Miasta w Polsce powyżej 100 000 mieszkańców. - Statystyki

Ogólne statystyki
  • Ten quiz został rozwiązany 5 469 razy
    5 325 od ostatniego zresetowania
  • Średni wynik to 30 z 37
Statystyki odpowiedzi
Liczba ludności Województwo Miasto % Poprawnych
1 794 166 Mazowieckie Warszawa
100%
779 966 Małopolskie Kraków
99%
470 805 Pomorskie Gdańsk
98%
672 185 Łódzkie Łódź
98%
244 969 Pomorskie Gdynia
97%
532 048 Wielkopolskie Poznań
97%
398 255 Zachodniopomorskie Szczecin
97%
641 928 Dolnośląskie Wrocław
97%
290 553 Śląskie Katowice
96%
338 586 Lubelskie Lublin
96%
296 958 Podlaskie Białystok
95%
344 091 Kujawsko-Pomorskie Bydgoszcz
94%
198 613 Kujawsko-Pomorskie Toruń
92%
127 839 Opolskie Opole
90%
196 638 Podkarpackie Rzeszów
89%
193 415 Świętokrzyskie Kielce
88%
171 249 Warmińsko-Mazurskie Olsztyn
87%
140 892 Lubuskie Zielona Góra
86%
209 296 Mazowieckie Radom
85%
217 530 Śląskie Częstochowa
81%
122 589 Lubuskie Gorzów Wielkopolski
80%
177 049 Śląskie Gliwice
77%
197 586 Śląskie Sosnowiec
76%
170 924 Śląskie Zabrze
75%
118 582 Warmińsko-Mazurskie Elbląg
72%
106 235 Zachodniopomorskie Koszalin
71%
118 268 Mazowieckie Płock
71%
163 255 Śląskie Bytom
69%
107 489 Małopolskie Tarnów
68%
169 756 Śląskie Bielsko-Biała
67%
106 846 Śląskie Chorzów
66%
126 871 Śląskie Tychy
63%
109 971 Dolnośląskie Wałbrzych
62%
108 561 Kujawsko-Pomorskie Włocławek
60%
118 285 Śląskie Dąbrowa Górnicza
59%
137 128 Śląskie Rybnik
59%
136 423 Śląskie Ruda Śląska
56%
Nie znaleziono quizów pasujących do podanych kryteriów
Rozkład punktacji
Procent ludzi z każdym wynikiem
Percentyl według liczby udzielonych odpowiedzi
Twoja historia wyników
Nie rozwiązałeś tego quizu od ostatniego zresetowania